Statistics for Ghost town - ye (full lyric quiz)

Click here to take the quiz!

General Stats

  • This quiz has been taken 91 times
    (83 since last reset)
  • The average score is 162 of 252

Answer Stats

HintAnswer% Correct
| x2 | x3 | x4I
99%
a
94%
go
91%
we
91%
x3day
90%
on
90%
x2 | x3some
88%
Some
88%
to
87%
be
86%
you
86%
You
86%
the
84%
me
83%
wear
83%
down
80%
love
80%
no
78%
lay
77%
like
77%
of
77%
try
77%
and
75%
everything
75%
x4feel
75%
make
75%
not
75%
wanna
75%
x4anymore
74%
been
74%
did
74%
gon'
74%
x3hand
74%
x4hurts
74%
it
74%
x3my
74%
x4nothing
74%
x3put
74%
x3still
74%
x4free
72%
x3if
72%
x3see
72%
x3stove
72%
x3the kids
72%
x3used
72%
x3bleed
71%
I've
71%
off
71%
set
71%
trying
71%
but
70%
from
70%
God
70%
just
70%
further
68%
in
68%
take
68%
x4kinda
67%
Sunday
67%
all
64%
crown
64%
let
64%
takes
64%
x2know
61%
x2that
61%
x3we're
59%
this
58%
am
55%
yeah
55%
again
54%
once
54%
bet
52%
remember
52%
get
51%
way
51%
wine
51%
don't
49%
oh
49%
starry
49%
child
48%
pack
48%
baby
46%
I'm
46%
one
46%
x2up
45%
drank
43%
they
43%
five
42%
four
42%
I'll
42%
three
42%
two
42%
marijuana
41%
smokin'
41%
everybody
39%
hit
39%
x2Hold
39%
might
39%
shine
39%
talk
39%
think
39%
time
39%
x2days
38%
have
38%
what
38%
wrote
38%
Fentanyl
36%
sometimes
36%
space
36%
between
35%
red
35%
dot
33%
gone
33%
half
33%
mind
33%
behind
32%
caught
32%
tell
32%
naked
30%
rope
30%
back
29%
doin'
28%
had
28%
truths
28%
maybe
26%
minds
26%
never
26%
find
25%
ahead
23%
high
23%
livin'
23%
x2mmm
23%
they'll
23%
drama'll
22%
now
20%
years
20%
pray
17%
it's
14%
enough
13%
each
12%
knowing
12%
how'm
7%
x3stll
1%

Score Distribution

Percentile by Number Answered

Percent of People with Each Score

Your Score History

You have not taken this quiz since the last reset